000 002320000a22000970004500
100 1 _aCarter, Mike
245 1 0 _aCómo se produce la erosión del suelo
300 _aNúm 15 (1993), Páginas 5-9
773 0 _tPaso a paso
942 _cANA
999 _c52176
_d52176